Les stations des lignes 3 et 3bis du métro parisien - Mort subite - Statistiques

Statistiques générales
  • Ce quiz a été pris 104 fois
  • Le résultat moyen est 10 sur 16
Answers on the Grid
Answers color-coded by a green-red scale on the quiz's grid according to % correct below.
Saint-Lazare
Saint-Sulpice
Porte des Lilas
Porte de Saint-Cloud
Porte de Bagnolet
Places des Fêtes
Villiers
Monceau
Réaumur - Sébastopol
Rue du Bac
Rue Saint-Maur
Rue des Boulets
Europe
Gare de l'Est
République
Danube
Pelleport
Lourmel
Bourse
Richelieu - Drouot
Anatole France
Place d'Italie
Pont de Levallois - Bécon
Pont de Neuilly
Wagram
Dupleix
Opéra
Pyramides
Gambetta
Ménilmontant
Sentier
Miromesnil
 
Statistiques - réponses
Réponse % Correct
Bourse
72%
Sentier
72%
Pont de Levallois - Bécon
70%
Villiers
70%
Gambetta
69%
République
69%
Réaumur - Sébastopol
67%
Opéra
65%
Europe
63%
Wagram
63%
Porte de Bagnolet
61%
Saint-Lazare
57%
Rue Saint-Maur
56%
Anatole France
52%
Porte des Lilas
48%
Pelleport
46%
Aucun quiz correspondant
Distribution des résultats
% des personnes avec chaque résultat
Percentile par nombre de réponses
Votre historique - résultats
Vous n’avez pas pris ce quiz